000 00232nam a2200097Ia 4500
008 240331s9999 xx 000 0 und d
082 _a300.1
_bINT
100 _aCoomaraswamy,R. ed
245 0 _aIntroduction to social theory
942 _cL
999 _c1066
_d1066